00511 2200181 4500001002100000005001500021035002000036245008400056100001600140250001700156300003200173700001500205260003500220082001100255084001700266020002200283650002400305INLIS00000000000076720241025073038 a0010-10240000601 aEnsiklopedia Fisika :bGetaran, Gelombang, dan Bunyi /cSri Soeyati, Agus Salam0 aSri Soeyati aCetakan ke-1 aiv, 28 hlm :bIlus ;c30 cm0 aAgus Salam aJakarta :bGaneca exact,c2007 a530.03 a530.03 SRI e a978-979-571-395-1 4aEnsiklopedia Fisika